000 00607nam a2200241Ia 4500
003 OSt
005 20221005041231.0
006 a|||||r|||| 00| 0
007 ta
008 221004b |||||||| |||| 00| 0 eng d
024 _a73780
037 _cTextual
040 _aCRL
_cCRL
_beng
041 _2eng
_aeng
082 _aX6xM83:9, J6
100 _aSingh V B
245 0 _aKeynesion economics
260 _aDelhi
_bPeople Publishing House India
_c1956
300 _a232p.
_ccm.
650 _aECONOMICS
942 _hX6xM83:9, J6
_cTEXL
_2cc
999 _c948173
_d948173